00940 a2200205 4500020001500000020001800015040001300033082001400046245015500060260007900215300003500294650003600329650001900365650003400384650002100418700002000439856007800459856009100537856010600628 a0471718165 a9780471718161 aDLCbDLC00a621.382/100aMobile, wireless, and sensor networks: technology, applications, and future directionsbtechnology, applications, and future directionscRajeev Shorey a[Piscataway] :bIEEE Press ;aHoboken, N.J. :bWiley-Interscience,cc2006. axvii, 430 p. :bill. ;c25 cm. 0aWireless communication systems. 0aWireless LANs. 0aMobile communication systems. 0aSensor networks.1 aShorey, Rajeev.413Table of contentsuhttp://www.loc.gov/catdir/toc/ecip0511/2005010792.html413Publisher descriptionuhttp://www.loc.gov/catdir/enhancements/fy0622/2005010792-d.html413Contributor biographical informationuhttp://www.loc.gov/catdir/enhancements/fy0654/2005010792-b.html